<?xml version="1.0" encoding="UTF-8"?>
<record
    xmlns:xsi="http://www.w3.org/2001/XMLSchema-instance"
    xsi:schemaLocation="http://www.loc.gov/MARC21/slim http://www.loc.gov/standards/marcxml/schema/MARC21slim.xsd"
    xmlns="http://www.loc.gov/MARC21/slim">

  <leader>01434nam a22002297a 4500</leader>
  <datafield tag="952" ind1=" " ind2=" ">
    <subfield code="0">0</subfield>
    <subfield code="1">0</subfield>
    <subfield code="2">lcc</subfield>
    <subfield code="4">0</subfield>
    <subfield code="7">0</subfield>
    <subfield code="a">08</subfield>
    <subfield code="b">08</subfield>
    <subfield code="d">2012-04-12</subfield>
    <subfield code="l">47</subfield>
    <subfield code="m">5</subfield>
    <subfield code="o">QP360 C36 2006</subfield>
    <subfield code="p">08 004215</subfield>
    <subfield code="r">2024-05-20</subfield>
    <subfield code="s">2020-03-19</subfield>
    <subfield code="t">1</subfield>
    <subfield code="w">2012-12-04</subfield>
    <subfield code="y">LB</subfield>
  </datafield>
  <datafield tag="952" ind1=" " ind2=" ">
    <subfield code="0">0</subfield>
    <subfield code="1">0</subfield>
    <subfield code="2">lcc</subfield>
    <subfield code="4">0</subfield>
    <subfield code="7">0</subfield>
    <subfield code="a">08</subfield>
    <subfield code="b">08</subfield>
    <subfield code="d">2010-12-12</subfield>
    <subfield code="l">85</subfield>
    <subfield code="m">2</subfield>
    <subfield code="o">QP360 C36 2006</subfield>
    <subfield code="p">08 004299</subfield>
    <subfield code="r">2020-03-04</subfield>
    <subfield code="s">2020-03-04</subfield>
    <subfield code="t">2</subfield>
    <subfield code="w">2012-12-10</subfield>
    <subfield code="y">LB</subfield>
  </datafield>
  <datafield tag="999" ind1=" " ind2=" ">
    <subfield code="c">88759</subfield>
    <subfield code="d">88759</subfield>
  </datafield>
  <controlfield tag="008">121204s2006    mx ||||| |||| 00| 0 spa d</controlfield>
  <datafield tag="020" ind1=" " ind2=" ">
    <subfield code="a">97884782900727</subfield>
  </datafield>
  <datafield tag="050" ind1="0" ind2="4">
    <subfield code="a">QP360</subfield>
    <subfield code="b">C36 2006</subfield>
  </datafield>
  <datafield tag="100" ind1="1" ind2="0">
    <subfield code="a">Carlson, Neil R.</subfield>
    <subfield code="e">autor</subfield>
  </datafield>
  <datafield tag="245" ind1="1" ind2="3">
    <subfield code="a">Fisiolog&#xED;a de la conducta</subfield>
    <subfield code="c">/ Neil R. Carlson ; tr. Maria Jos&#xE9; Ramos Plat&#xF3;n</subfield>
  </datafield>
  <datafield tag="250" ind1=" " ind2=" ">
    <subfield code="a">8a edici&#xF3;n</subfield>
  </datafield>
  <datafield tag="260" ind1=" " ind2=" ">
    <subfield code="a">M&#xE9;xico</subfield>
    <subfield code="b">: Pearson</subfield>
    <subfield code="c">, 2006</subfield>
  </datafield>
  <datafield tag="300" ind1=" " ind2=" ">
    <subfield code="a">xxiii, 758 p&#xE1;ginas</subfield>
    <subfield code="b">: ilustraciones</subfield>
  </datafield>
  <datafield tag="500" ind1=" " ind2=" ">
    <subfield code="a">Traducci&#xF3;n de: Physicology of behavior</subfield>
  </datafield>
  <datafield tag="504" ind1=" " ind2=" ">
    <subfield code="a">Bibliograf&#xED;a (pp. 670-730)</subfield>
  </datafield>
  <datafield tag="505" ind1=" " ind2=" ">
    <subfield code="a">Estructura y funciones de las c&#xE9;lulas del sistema nervioso
Estructura del sistema nervioso
Psicofarmacolog&#xED;a
M&#xE9;todos y estrategias de investigaci&#xF3;n
Visi&#xF3;n 
Audici&#xF3;n, sentidos som&#xE1;ticos y sentidos qu&#xED;micos
Control del movimiento
Sue&#xF1;o y ritmos biol&#xF3;gicos
Concucta reproductora
Emoci&#xF3;n
Conducta de ingesta
Aprendizaje y memoria:  mecanismos b&#xE1;sicos
Aprendizaje relacional y amnesia
Comunicaci&#xF3;n humana
Esquizofrenia y transtornos afectivos
Trastornos de ansiedad, autismo, transtorno de d&#xE9;ficit de atenci&#xF3;n con hiperactividad y transtornos por estr&#xE9;s
Drogadicci&#xF3;n</subfield>
  </datafield>
  <datafield tag="519" ind1=" " ind2=" ">
    <subfield code="a">Educaci&#xF3;n Mixta /</subfield>
    <subfield code="b">Psicolog&#xED;a /</subfield>
    <subfield code="c">Bases Biol&#xF3;gicas de la Conducta (B04-3) /</subfield>
    <subfield code="d">(08 004215)</subfield>
  </datafield>
  <datafield tag="519" ind1=" " ind2=" ">
    <subfield code="a">Plan Flexible /</subfield>
    <subfield code="b">Psicolog&#xED;a /</subfield>
    <subfield code="c">Psicolog&#xED;a Fisiol&#xF3;gica (P04-3) /</subfield>
    <subfield code="d">(08 004299)</subfield>
  </datafield>
  <datafield tag="650" ind1="1" ind2="0">
    <subfield code="a">FISIOLOG&#xCD;A</subfield>
  </datafield>
  <datafield tag="700" ind1=" " ind2=" ">
    <subfield code="a">I. Ramos Plat&#xF3;n, Mar&#xED;a Jos&#xE9;, coaut.</subfield>
  </datafield>
  <datafield tag="942" ind1=" " ind2=" ">
    <subfield code="2">lcc</subfield>
    <subfield code="c">LB</subfield>
  </datafield>
</record>
